Đôi nét về công tác phê bình điện ảnh hôm nay /
Enregistré dans:
| Auteur principal: | |
|---|---|
| Format: | Article |
| Langue: | Vietnamese |
| Sujets: | |
| Tags: |
Ajouter un tag
Pas de tags, Soyez le premier à ajouter un tag!
|
| Thư viện lưu trữ: | Thư viện Trường Đại học Đà Lạt |
|---|
| LEADER | 00733nam a2200253 4500 | ||
|---|---|---|---|
| 001 | DLU090079939 | ||
| 005 | ##20090619 | ||
| 040 | # | # | |a DLU |b vie |
| 041 | # | # | |a vie |
| 044 | # | # | |a vn |
| 100 | # | # | |a Thái Hoàng Vũ. |
| 245 | # | # | |a Đôi nét về công tác phê bình điện ảnh hôm nay / |c Thái Hoàng Vũ. |
| 653 | # | # | |a Điện ảnh |
| 653 | # | # | |a Phê bình nghệ thuật |
| 773 | # | # | |t Văn hoá Nghệ thuật |g Số 4(166), 1998, tr. 80-83 |
| 920 | # | # | |a Phòng Tạp chí -- Trung tâm Thông tin - Thư viện Trường Đại học Đà Lạt |
| 994 | # | # | |a DLU |
| 900 | # | # | |a True |
| 911 | # | # | |a Đào Thị Thu Huyền |
| 925 | # | # | |a G |
| 926 | # | # | |a A |
| 927 | # | # | |a BB |
| 980 | # | # | |a Thư viện Trường Đại học Đà Lạt |